| 000 | 00995nam0a2200289 4500 | ||
|---|---|---|---|
| 001 | RU\NLR\bibl\543796 | ||
| 005 | 20250609154608.0 | ||
| 021 |
_aRU _b2004-12115п _9508 |
||
| 035 | _a(NLR Aleph) 000536024 | ||
| 090 |
_a1383182 _c1383182 |
||
| 100 | _a20040809d2004 |||y0rusy50 ca | ||
| 101 | 0 | _arus | |
| 102 | _aRU | ||
| 105 | _aa ||||||||| | ||
| 200 | 1 |
_aАнтимикробная терапия _e[Сб. ст.] |
|
| 210 |
_aМ. _cМедиа медика _d2004 |
||
| 215 |
_a64 с. _cил., цв. ил. _d30 |
||
| 225 | 1 |
_aConsilium medicum _eЖурн. доказат. медицины для практикующих врачей _vТ. 6, N 1 |
|
| 320 | _aБиблиогр. в конце ст. | ||
| 606 | 0 |
_aАнтибактериальная терапия _jСборники _9970463 _3RU\NLR\auth\6645081 |
|
| 686 | _aР281.811-6я43 | ||
| 801 | 0 |
_aRU _bNLR _c20040809 _gPSBO |
|
| 801 | 1 |
_aRU _bNLR _c20040809 |
|
| 852 |
_aNLR _jП17/905 |
||
| 942 | _cBOOK | ||
| 980 | _aNB | ||